[Event "Senior DM 2020 65+"]
[Site "Logumkloster"]
[Date "2020.02.15"]
[Round "7"]
[White "Morling, Aase"]
[Black "Palm, Eivind"]
[Result "1/2-1/2"]
[WhiteElo "1420"]
[BlackElo "1851"]
[PlyCount "127"]
[EventDate "2020.02.09"]
[EventType "swiss"]
[EventRounds "7"]
[EventCountry "DEN"]

1. e4 c5 2. c3 d5 3. exd5 Qxd5 4. d4 e5 5. Nf3 Bg4 6. Be2 cxd4 7. cxd4 Bb4+ 8.
Nc3 exd4 9. Qxd4 Qxd4 10. Nxd4 Bxe2 11. Ndxe2 Nc6 12. O-O Nge7 13. a3 Ba5 14.
b4 Bb6 15. Bb2 O-O 16. Rad1 Rad8 17. Na4 Bc7 18. Nc5 b6 19. Na6 Be5 20. Bxe5
Nxe5 21. Rd4 Rxd4 22. Nxd4 Rd8 23. f4 Rxd4 24. fxe5 g6 25. Rc1 Rd7 26. Nb8 Rb7
27. Na6 Kf8 28. b5 Nd5 29. Kf2 Nf4 30. Kf3 Nd3 31. Rc8+ Ke7 32. Ke4 Rd7 33. Nb8
Nc5+ 34. Kf3 Rd3+ 35. Ke2 Rxa3 36. Nc6+ Ke6 37. Re8+ Kd5 38. Re7 Ke4 39. Rxf7
Ra2+ 40. Kd1 Rxg2 41. Rxh7 Rb2 42. Nxa7 Kxe5 43. h4 Kf5 44. Rh8 Rh2 45. Rb8 Na4
46. Nc8 Nc3+ 47. Ke1 Nxb5 48. Rxb6 Nd4 49. Ne7+ Ke4 50. Kf1 Rxh4 51. Rxg6 Rh2
52. Ng8 Nf5 53. Kg1 Ra2 54. Nf6+ Kf3 55. Rg5 Ne3 56. Rg8 Ra1+ 57. Kh2 Nf1+ 58.
Kh3 Ra2 59. Kh4 Ne3 60. Kh5 Kf4 61. Rf8 Ra5+ 62. Kg6 Rg5+ 63. Kf7 Rf5 64. Kg6
1/2-1/2

[Event "Senior DM 2020 65+"]
[Site "Logumkloster"]
[Date "2020.02.15"]
[Round "7"]
[White "Mortensen, John"]
[Black "Holst, Per"]
[Result "1/2-1/2"]
[WhiteElo "2068"]
[BlackElo "2138"]
[PlyCount "73"]
[EventDate "2020.02.09"]
[EventType "swiss"]
[EventRounds "7"]
[EventCountry "DEN"]

1. e4 e6 2. d4 d5 3. Nd2 Nf6 4. e5 Nfd7 5. Bd3 c5 6. c3 Nc6 7. Ne2 cxd4 8. cxd4
f6 9. exf6 Nxf6 10. Nf3 Bd6 11. O-O Qc7 12. Bg5 O-O 13. Rc1 Bd7 14. Ng3 Ng4 15.
Nh4 e5 16. Be2 Nf6 17. dxe5 Bxe5 18. Nf3 Bf4 19. Bxf4 Qxf4 20. Qb3 Rab8 21.
Rcd1 Be6 22. Qc3 Rbc8 23. Qd2 Qxd2 24. Rxd2 Ne4 25. Nxe4 dxe4 26. Ng5 Bxa2 27.
Nxe4 Rcd8 28. Rfd1 Bb3 29. Rxd8 Rxd8 30. Rxd8+ Nxd8 31. f4 Bd5 32. Nc3 Bc6 33.
Bc4+ Kf8 34. Kf2 Ke7 35. g4 Bd7 36. Kf3 Be6 37. Bxe6 1/2-1/2

[Event "Senior DM 2020 65+"]
[Site "Logumkloster"]
[Date "2020.02.15"]
[Round "7"]
[White "Olesen, Poul Erik Norgaard"]
[Black "Wang, Peter"]
[Result "0-1"]
[WhiteElo "2004"]
[BlackElo "1881"]
[PlyCount "32"]
[EventDate "2020.02.09"]
[EventType "swiss"]
[EventRounds "7"]
[EventCountry "DEN"]

1. e4 d6 2. d4 Nf6 3. Nc3 e5 4. Nf3 Nbd7 5. Bc4 h6 6. h3 c6 7. a4 Be7 8. O-O
Qc7 9. Re1 Nf8 10. dxe5 dxe5 11. Qe2 g5 12. g4 Ng6 13. Bxg5 hxg5 14. Nxg5 Nf4
15. Qf3 Nxh3+ 16. Nxh3 Bxg4 0-1

[Event "Senior DM 2020 65+"]
[Site "Logumkloster"]
[Date "2020.02.15"]
[Round "7"]
[White "Olesen, Bent"]
[Black "Pilgaard, Johannes"]
[Result "1-0"]
[WhiteElo "1986"]
[BlackElo "1487"]
[PlyCount "87"]
[EventDate "2020.02.09"]
[EventType "swiss"]
[EventRounds "7"]
[EventCountry "DEN"]

1. d4 Nf6 2. Nf3 g6 3. b3 Bg7 4. Bb2 d5 5. e3 O-O 6. Bd3 b6 7. Nbd2 Bb7 8. O-O
Nbd7 9. h3 Rc8 10. Qe2 c5 11. c4 e6 12. Rac1 Re8 13. Rfd1 Rc7 14. cxd5 exd5 15.
Bb5 Bc6 16. Ne5 Bxb5 17. Qxb5 Qe7 18. Rc2 Qd6 19. Nxd7 Nxd7 20. Ba3 Rec8 21.
dxc5 bxc5 22. Ne4 Qb6 23. Qxb6 Nxb6 24. Nd6 Rd8 25. Nb5 Rcd7 26. Bxc5 Bf8 27.
Bxf8 Kxf8 28. Rdc1 Ke7 29. Rc7 a6 30. Nd4 Rxc7 31. Rxc7+ Rd7 32. Rc5 Na8 33.
Kf1 Nc7 34. Ke2 Ne6 35. Nxe6 fxe6 36. Rc6 Rd6 37. Rxd6 Kxd6 38. f4 Kc5 39. a3
Kd6 40. Kd3 Kc5 41. g4 h6 42. h4 a5 43. Kc3 h5 44. g5 1-0

[Event "Senior DM 2020 65+"]
[Site "Logumkloster"]
[Date "2020.02.15"]
[Round "7"]
[White "Kallenbach, Uffe"]
[Black "Baagoe, Hans Chr"]
[Result "1-0"]
[WhiteElo "1615"]
[BlackElo "1665"]
[PlyCount "49"]
[EventDate "2020.02.09"]
[EventType "swiss"]
[EventRounds "7"]
[EventCountry "DEN"]

1. e4 c5 2. c3 Nc6 3. d4 cxd4 4. cxd4 e6 5. Nf3 a6 6. Nc3 Bb4 7. Bd3 d5 8. O-O
Bxc3 9. bxc3 dxe4 10. Bxe4 h6 11. Re1 Nf6 12. Bc2 Qa5 13. Qd3 Qh5 14. Ba3 Qb5
15. c4 Qa5 16. d5 Na7 17. Bd6 Bd7 18. Ne5 Qd8 19. Nxf7 Kxf7 20. Qg6+ Kg8 21.
dxe6 Be8 22. Qg3 Nh5 23. Qe5 Qf6 24. Qd5 Bc6 25. Qxh5 1-0

[Event "Senior DM 2020 65+"]
[Site "Logumkloster"]
[Date "2020.02.15"]
[Round "7"]
[White "Hvenekilde, Jorgen"]
[Black "Sorensen, Ivan"]
[Result "1/2-1/2"]
[WhiteElo "2032"]
[BlackElo "2062"]
[PlyCount "40"]
[EventDate "2020.02.09"]
[EventType "swiss"]
[EventRounds "7"]
[EventCountry "DEN"]

1. d4 f5 2. Bg5 c6 3. e3 Qb6 4. Nd2 Qxb2 5. Bd3 d5 6. Ne2 Nf6 7. Bxf6 exf6 8.
O-O Bd6 9. c4 Bb4 10. Nb3 dxc4 11. Bxc4 b5 12. Bd3 Be6 13. Nf4 Bf7 14. Bxf5 Bd6
15. Qd3 g6 16. Bc8 a5 17. Bh3 O-O 18. Rfc1 Qa3 19. Nc5 Qxd3 20. Nfxd3 Ra7
1/2-1/2

[Event "Senior DM 2020 65+"]
[Site "Logumkloster"]
[Date "2020.02.15"]
[Round "7"]
[White "Jensen, Jens Peter"]
[Black "Jorgensen, Orla Eilegaard"]
[Result "0-1"]
[WhiteElo "1424"]
[BlackElo "1586"]
[PlyCount "88"]
[EventDate "2020.02.09"]
[EventType "swiss"]
[EventRounds "7"]
[EventCountry "DEN"]

1. e4 b6 2. d3 Bb7 3. Nf3 e6 4. Nc3 Nc6 5. a3 g6 6. Be2 Bg7 7. Bd2 Nge7 8. O-O
O-O 9. Qc1 Re8 10. Bh6 Bh8 11. Qd2 d5 12. exd5 exd5 13. d4 Nf5 14. Bg5 f6 15.
Be3 Nxe3 16. fxe3 Qe7 17. Nxd5 Qd6 18. c4 Na5 19. b4 Nb3 20. Qa2 Nxa1 21. Rxa1
Bxd5 22. cxd5 Rxe3 23. Bb5 f5 24. Qd2 Rxf3 25. Bc6 Rf4 26. Rd1 Rxd4 27. Qe2
Rxd1+ 28. Qxd1 Rf8 29. Qe2 Qe5 30. Qf1 Qd4+ 31. Kh1 Be5 32. b5 Qf4 33. Qxf4
Bxf4 34. a4 Rf7 35. g3 Bd6 36. Kg2 Re7 37. Kf3 Re4 38. Bd7 Rxa4 39. Be6+ Kg7
40. Kg2 a6 41. bxa6 Rxa6 42. Bc8 Ra2+ 43. Kh3 b5 44. Bb7 b4 0-1

[Event "Senior DM 2020 65+"]
[Site "Logumkloster"]
[Date "2020.02.15"]
[Round "7"]
[White "Kristensen, Niels Aage"]
[Black "Overmark, Ole"]
[Result "0-1"]
[WhiteElo "1479"]
[BlackElo "1735"]
[PlyCount "64"]
[EventDate "2020.02.09"]
[EventType "swiss"]
[EventRounds "7"]
[EventCountry "DEN"]

1. d4 Nf6 2. Nf3 d5 3. Bf4 e6 4. e3 c5 5. c3 Nc6 6. Nbd2 cxd4 7. exd4 Be7 8.
Ne5 O-O 9. Bd3 h6 10. h4 Bd6 11. Rh3 Ne7 12. Rg3 Kh8 13. Qf3 Nf5 14. Bxf5 exf5
15. O-O-O Bxe5 16. dxe5 Ng4 17. Nf1 Be6 18. Rh3 Qa5 19. Kb1 d4 20. b3 Bd5 21.
Qg3 Be4+ 22. Ka1 d3 23. Bd2 Nxe5 24. b4 Qb5 25. Ne3 Nc4 26. f3 Nxe3 27. Bxe3
Bd5 28. Bd4 f6 29. Qf4 Qc4 30. Qd2 Rae8 31. Qb2 Re2 32. Qb3 Rxg2 0-1

[Event "Senior DM 2020 65+"]
[Site "Logumkloster"]
[Date "2020.02.15"]
[Round "7"]
[White "Kristoffersen, John"]
[Black "Andresen, Hans Jorn"]
[Result "0-1"]
[WhiteElo "1668"]
[BlackElo "1998"]
[PlyCount "52"]
[EventDate "2020.02.09"]
[EventType "swiss"]
[EventRounds "7"]
[EventCountry "DEN"]

1. e4 e5 2. Nf3 Nc6 3. Bb5 a6 4. Ba4 Nf6 5. Nc3 b5 6. Bb3 Be7 7. O-O O-O 8. Re1
d6 9. h3 h6 10. Ne2 Na5 11. c3 Nxb3 12. Qxb3 c5 13. d4 c4 14. Qc2 Qc7 15. dxe5
dxe5 16. Ng3 Nd7 17. Be3 Nc5 18. Rad1 Nd3 19. Re2 Be6 20. Red2 Rad8 21. Ne1
Nxe1 22. Rxe1 Rxd2 23. Qxd2 Rd8 24. Qc2 Kh7 25. Rf1 Rd3 26. f4 Rxe3 0-1

[Event "Senior DM 2020 65+"]
[Site "Logumkloster"]
[Date "2020.02.15"]
[Round "7"]
[White "Kristensen, Lars Ostergaard"]
[Black "Larsen, Finn"]
[Result "1/2-1/2"]
[WhiteElo "1632"]
[BlackElo "1822"]
[PlyCount "36"]
[EventDate "2020.02.09"]
[EventType "swiss"]
[EventRounds "7"]
[EventCountry "DEN"]

1. d4 d5 2. c4 c6 3. Nc3 Nf6 4. cxd5 cxd5 5. Bf4 Nc6 6. e3 e6 7. Nf3 Be7 8. h3
O-O 9. Bd3 h6 10. Rc1 Nh5 11. Bh2 f5 12. Ne2 Bd6 13. O-O Bxh2+ 14. Nxh2 Nf6 15.
a3 Bd7 16. Qb3 Rc8 17. Nc3 Ne4 18. Nxe4 fxe4 1/2-1/2

[Event "Senior DM 2020 65+"]
[Site "Logumkloster"]
[Date "2020.02.15"]
[Round "7"]
[White "Norregaard, Claus"]
[Black "Pedersen, Borge"]
[Result "1/2-1/2"]
[WhiteElo "1941"]
[BlackElo "1980"]
[PlyCount "109"]
[EventDate "2020.02.09"]
[EventType "swiss"]
[EventRounds "7"]
[EventCountry "DEN"]

1. d4 Nf6 2. c4 e6 3. g3 d5 4. Bg2 c6 5. Nf3 Nbd7 6. O-O Bd6 7. Bf4 Bxf4 8.
gxf4 Ne4 9. Nbd2 Ndf6 10. Ne5 Nd6 11. c5 Nf5 12. e3 Bd7 13. b4 a5 14. a3 axb4
15. axb4 Ke7 16. Rxa8 Qxa8 17. Qa1 Rb8 18. Qa5 Ne8 19. Ra1 Qxa5 20. Rxa5 f6 21.
Nd3 Nc7 22. Bf1 Ra8 23. Nb3 Rxa5 24. Nxa5 Bc8 25. Nb2 Kd8 26. Na4 Ne7 27. Nb6
Nb5 28. Na4 Kc7 29. Nb3 Ng6 30. Bxb5 cxb5 31. Nc3 Bd7 32. Nd2 b6 33. Ndb1 bxc5
34. dxc5 e5 35. Nxd5+ Kc6 36. Nbc3 Be6 37. e4 exf4 38. Nxb5 Kxb5 39. Nc7+ Kxb4
40. Nxe6 Ne5 41. Nxf4 Kxc5 42. Ne6+ Kc4 43. Nxg7 Kd4 44. Nh5 Nd7 45. f3 Ke5 46.
Kf2 f5 47. Ke3 fxe4 48. fxe4 Nb6 49. Kd3 Nd7 50. Ng3 Nf6 51. h3 h5 52. Ke3 h4
53. Nf5 Nxe4 54. Nxh4 Ng5 55. Ng6+ 1/2-1/2